Statistiken für Geschichte des Indischen Subkontinents

Klicken Sie hier um das Quiz zu spielen!

Allgemein

  • Dieses Quiz wurde 38 mal gespielt
  • Das Durchschnittsergebnis liegt bei 8 aus 23

Antwortstatistiken

FrageZeitAntwort% Korrekt
Fluss, an dem in der Bronzezeit eine bedeutende Hochkultur entstand2600-1800 v. Chr.Indus
82%
Spiritueller Führer der indischen Unabhängigkeitsbewegung, bekannt für seine Aufrufe zum gewaltlosen Widerstand1869-1948Mohandas Gandhi
76%
Waffe, welche Indien und Pakistan seit den 70er-Jahren zur Abschreckung besitzenseit 1974Atombombe
70%
Staat, welcher sich von Pakistan für unabhängig erklärte1971Bangladesch
70%
Region, um welche seit der Staatsgründung von Indien und Pakistan von beiden Staaten gestritten wirdseit 1947Kaschmir
64%
Mausoleum, welches Großmogul Shah Jahan für seine Frau Mumtaz Mahal erbauen ließ1631Taj Mahal
64%
Bengalische Hauptstadt der britischen Ostindien-Kompanie1756-1911Kalkutta
55%
Religionsstifter des Buddhismus563 - 483 v.Chr.Siddhartha Gautama
48%
Portugiesischer Seefahrer, welcher als erster portugiesischer Seefahrer den Seeweg nach Indien meisterte1469-1524Vasco da Gama
48%
Hauptstadt des Muslimischen Großreiches, welches im Mittelalter den Großteil Indiens dominierte1206-1526Delhi
39%
Hinduistische religiöse Texte, die nach der Einwanderung der Arier in Indien entstanden1500-600 v. ChrVeden
30%
Großreich, welches von Chandragupte gegründet wurde und in seiner größten Ausdehnung fast ganz Indien umfasste320–185 v. ChrMauryareich
24%
Dem Hindi ähnliche Sprache, die von den Muslimen dieses Reiches eingeführt wurde und persische Schriftzeichen benutztseit ca. dem 13. JahrhundertUrdu
21%
Reich, welches in der Spätantike Nordindien dominierte und den Hinduismus förderte320–510Gupta-Reich
18%
Bedeutendster Herrscher des Mogulreiches1542-1605Akbar
15%
Bekanntester Herrscher dieses Reiches, welcher zum Buddhismus konvertierte und seine Verbreitung förderte268–233 v. ChrAshoka
12%
Stadt, in der sich eine schwerwiegende Chemiekatastrophe mit tausenden Opfern ereignete1984Bhopal
12%
Begründer des Mogulreiches1483-1530Babur
9%
Gründervater des Staates Pakistan1876-1948Muhammad Ali Jinnah
9%
Südindisch-Tamilisches Reich, welches die indische Ostküste, sowie Malaysia und Sumatra dominierte848-1279Chola
6%
Bezeichnung des Ritterstammes, welche in Nordwestindien verschiedene Fürstentümer gründeteca. 4.-20. JahrhundertRajputen
6%
Bezeichnung für die Soldaten, die einen breiten Aufstand gegen die Herrschaft der britischen Ostindienkompanie durchführten1857Sepoys
6%
Staat, welcher große Teile des schwächelnden Mogulreiches erobern konnte, aber von den Briten erobert wurde1674–1818Marathen
3%

Verteilung der Resultate

Perzentil nach korrekt beantworteten Fragen

Anzahl Personen mit jedem Resultat

Ihre Resultats-Entwicklung

Sie haben dieses Quiz noch nicht gespielt